| 000 | 01034cam a2200205 4500 | ||
|---|---|---|---|
| 001 | WB3741-15 | ||
| 008 | 011031n2001 000 0 eng u | ||
| 035 | _a(Sirsi) u115410 | ||
| 245 | _aEast China - opportunity for UK businesses | ||
| 260 | _c2001 | ||
| 490 |
_aDTI Press Release _v(P/2001/586) 25 October 2001 (2) |
||
| 520 | _aMinister for Energy and Industry says that UK businesses are well-placed to win contracts worth billions of pounds in Shanghai and East China. This follows the launch of a new brochure by the British Consulate-General in Shanghai which outlines current opportunities in the area. Contact should be made through the British Consulate on http://www.britishconsulate.sh.cn or by fax at 0086 21 6279 765. The brochure will shortly be available on the Internet. DTI press release available at http://213.38.88.195/coi/coipress.nsf/gti | ||
| 590 | _aWB | ||
| 650 | _aDTI | ||
| 650 | _aSHANGHAI | ||
| 650 | _aCHINA | ||
| 650 | _aBUSINESS OPPORTUNITIES | ||
| 690 | _aINTERNATIONAL-ASIA | ||
| 942 | _n0 | ||
| 999 |
_c68729 _d68729 |
||